00613pab a2200193 454500008004000000100001600040245012000056260000900176300001600185362000800201650003600209650002900245650002800274650002300302650003200325650002100357700002300378773001800401180718b2009 xxu||||| |||| 00| 0 eng d aZaki, Saeed aDoes basic services privatisation benefit the urban poor? Some evidence from water supply privatisation in Thailand c2009 ap.2301-327. aOct aBasic urban services - Thailand aPrivatization - Thailand aWater supply - Thailand aPoverty - Thailand aPublic utilities - Thailand aPublic utilities aamin, A.T.M. Nurul aUrban Studies